<?xml version="1.0" encoding="UTF-8"?>
<collection xmlns="http://www.loc.gov/MARC21/slim">
  <record>
    <leader>00000nam  2200000   4500</leader>
    <controlfield tag="001">INLIS000000000046843</controlfield>
    <controlfield tag="005">20200407102909</controlfield>
    <datafield tag="035" ind1="#" ind2="#">
      <subfield code="a">0010-051500000000102</subfield>
    </datafield>
    <controlfield tag="008">200407################g##########0#ind##</controlfield>
    <datafield tag="020" ind1="#" ind2="#">
      <subfield code="a">978-602-8739-32-6</subfield>
    </datafield>
    <datafield tag="040" ind1="#" ind2="#">
      <subfield code="a">NBPDMAT</subfield>
    </datafield>
    <datafield tag="082" ind1="#" ind2="#">
      <subfield code="a">243.095 98</subfield>
    </datafield>
    <datafield tag="090" ind1="#" ind2="#">
      <subfield code="a">243.095 98</subfield>
      <subfield code="b">Jar j</subfield>
    </datafield>
    <datafield tag="245" ind1="#" ind2="#">
      <subfield code="a">Jaringan kerja penginjilan dan dampak pemahaman misi kekristenan terhadap oikumene dan kemajemukan di Indonesia /</subfield>
      <subfield code="c">editor, Wakhid Sugiyanto</subfield>
    </datafield>
    <datafield tag="260" ind1="#" ind2="#">
      <subfield code="a">Jakarta :</subfield>
      <subfield code="b">Badan Libang dan Diklat Kementrian Agama RI,</subfield>
      <subfield code="c">2014</subfield>
    </datafield>
    <datafield tag="300" ind1="#" ind2="#">
      <subfield code="a">xxx, 394 hlm ;</subfield>
      <subfield code="c">21 x 15 cm</subfield>
    </datafield>
    <datafield tag="650" ind1="#" ind2="4">
      <subfield code="a">Indonesia - Kehidupan beragama (Kristen)</subfield>
    </datafield>
    <datafield tag="084" ind1="#" ind2="#">
      <subfield code="a">243.095 98 JAR</subfield>
    </datafield>
    <datafield tag="250" ind1="#" ind2="#">
      <subfield code="a">cet. 1</subfield>
    </datafield>
    <datafield tag="700" ind1=" " ind2="#">
      <subfield code="a">Wakhid Sugiyanto</subfield>
    </datafield>
    <datafield tag="990" ind1="#" ind2="#">
      <subfield code="a">31500322</subfield>
    </datafield>
  </record>
</collection>
